Statistics for 漢数字を含む市区町村

Click here to take the quiz!

General Stats

  • This quiz has been taken 32 times
  • The average score is 75 of 112

Answer Stats

HintAnswer% Correct
愛知県一宮市
96%
岩手県二戸市
96%
高知県四万十市
96%
岩手県一関市
93%
青森県三戸町
93%
東京都八王子市
93%
青森県八戸市
93%
石川県七尾市
93%
三重県四日市市
89%
千葉県千葉市
89%
神奈川県二宮町
89%
奈良県五條市
86%
高知県四万十町
86%
千葉県九十九里町
86%
大阪府八尾市
82%
大阪府四條畷市
82%
長崎県五島市
82%
千葉県四街道市
82%
青森県七戸町
82%
青森県六戸町
82%
岩手県一戸町
82%
東京都千代田区
82%
新潟県三条市
79%
千葉県八街市
79%
福島県二本松市
79%
青森県五戸町
79%
青森県五所川原市
79%
京都府八幡市
79%
岩手県九戸村
79%
愛媛県四国中央市
75%
奈良県十津川村
75%
千葉県一宮町
75%
静岡県三島市
75%
東京都八丈町
75%
東京都三鷹市
75%
滋賀県近江八幡市
75%
兵庫県三田市
75%
青森県六ヶ所村
71%
北海道千歳市
71%
埼玉県八潮市
71%
埼玉県三郷市
71%
香川県三豊市
71%
熊本県八代市
71%
広島県三次市
71%
新潟県十日町市
68%
広島県三原市
68%
大分県九重町
68%
神奈川県三浦市
68%
千葉市 | 千葉県八千代市
68%
徳島県三好市
68%
岐阜県安八町
68%
福岡県北九州市
64%
愛媛県久万高原町
64%
佐賀県伊万里市
64%
兵庫県三木市
64%
福岡県八女市
61%
新潟県小千谷市
61%
鹿児島県南九州市
61%
北海道新十津川町
61%
鹿児島県三島村
61%
鹿児島県十島村
61%
青森県三沢市
61%
群馬県千代田町
61%
大阪府千早赤阪村
61%
宮城県七ヶ浜町
61%
愛媛県八幡浜市
61%
長野県千曲市
57%
北海道七飯町
57%
宮崎県高千穂町
57%
新潟県五泉市
57%
青森県十和田市
57%
香川県三木町
57%
岐阜県八百津町
57%
東京都三宅村
57%
長崎県新上五島町
57%
山梨県市川三郷町
57%
岩手県南三陸町
54%
栃木県上三川町
54%
北海道三笠市
54%
宮崎県五ヶ瀬町
54%
高知県三原村
54%
奈良県三郷町
54%
宮城県七ヶ宿町
54%
茨城県五霞町
54%
岩手県八幡平市
54%
奈良県三宅町
54%
鳥取県八頭町
50%
茨城県八千代町
50%
秋田県五城目町
50%
福島県三島町
50%
和歌山県九度山町
50%
熊本県五木村
50%
山形県三川町
46%
秋田県三種町
46%
岐阜県七宗町
46%
北海道長万部町
46%
鳥取県三朝町
43%
沖縄県八重瀬町
43%
秋田県八郎潟町
43%
秋田県八峰町
43%
北海道八雲町
43%
宮崎県三股町
36%
福島県三春町
36%
埼玉県三芳町
32%

Score Distribution

Percentile by Number Answered

Percent of People with Each Score

Your Score History

You have not taken this quiz